تحميل...

Introduction to the standard model of particle physics /

التفاصيل البيبلوغرافية
المؤلف الرئيسي: Cottingham, W. N.
مؤلفون آخرون: Greenwood, D. A.
التنسيق: Printed Book
اللغة:English
منشور في: U.K : Cambridge University Press, 2010.
الطبعة:2nd. ed.
الموضوعات:
LEADER 00869nam a2200181Ia 4500
008 150624b xxu||||| |||| 00| 0 eng d
082 |a 539.72 
100 |a Cottingham, W. N. 
245 |a Introduction to the standard model of particle physics /  |c W. N. Cottingham 
250 |a 2nd. ed. 
260 |a U.K :  |b Cambridge University Press,  |c 2010. 
300 |a 272 p. 
505 |a CONTENTS 1.Particle physcicist's view of nature 2. Lorentz transformations 3.Lagramgian formulation of mechanics 4.Classical electromagnetism 5.Dirac equation and the Dirac field 6.Free space solutions of the Dirac equation 7.Electrodynamics 8.Quantising  
653 |a Particle Physics 
700 |a Greenwood, D. A. 
942 |c BK 
999 |c 59430  |d 59430 
952 |0 0  |1 0  |4 0  |6 539_720000000000000_COT_I  |7 0  |9 59407  |a UL  |b UL  |c ST1  |d 2012-10-27  |l 1  |o 539.72 COT/I  |p 85400  |r 2021-11-27  |s 2021-09-25  |w 2012-10-27  |y BK